Guess the Mystery Country By Directional Clues - Randomized! - Statistics

General Stats
  • This quiz has been taken 10,640 times
  • The average score is 162 of 196
Answers on the Map
Answers color-coded by a green-red scale on the quiz's map according to % correct below.
 
Answer Stats
Country % Correct
United States
88%
United Kingdom
87%
China
86%
Moldova
86%
Russia
86%
Brazil
85%
Egypt
85%
India
85%
Italy
85%
Niger
85%
South Africa
85%
Algeria
84%
Australia
84%
Canada
84%
Chad
84%
Cuba
84%
D.R. Congo
84%
France
84%
Germany
84%
Japan
84%
Kenya
84%
Mexico
84%
Morocco
84%
Nigeria
84%
Republic of the Congo
84%
Turkey
84%
Angola
83%
Argentina
83%
Austria
83%
Bahamas
83%
Central African Republic
83%
Denmark
83%
Dominican Republic
83%
Ethiopia
83%
Ghana
83%
Greece
83%
Guinea
83%
Haiti
83%
Hungary
83%
Indonesia
83%
Iran
83%
Iraq
83%
Ivory Coast
83%
Jamaica
83%
Lesotho
83%
Liberia
83%
Madagascar
83%
Mali
83%
New Zealand
83%
Pakistan
83%
Panama
83%
Papua New Guinea
83%
Philippines
83%
Poland
83%
Portugal
83%
Romania
83%
Rwanda
83%
São Tomé and Príncipe
83%
Saudi Arabia
83%
Senegal
83%
Somalia
83%
Spain
83%
Sudan
83%
Taiwan
83%
Tanzania
83%
Togo
83%
Ukraine
83%
United Arab Emirates
83%
Venezuela
83%
Yemen
83%
Zambia
83%
Zimbabwe
83%
Afghanistan
82%
Albania
82%
Andorra
82%
Antigua and Barbuda
82%
Armenia
82%
Azerbaijan
82%
Bahrain
82%
Bangladesh
82%
Barbados
82%
Belarus
82%
Belgium
82%
Belize
82%
Benin
82%
Bhutan
82%
Bolivia
82%
Bosnia and Herzegovina
82%
Botswana
82%
Brunei
82%
Bulgaria
82%
Burkina Faso
82%
Burundi
82%
Cambodia
82%
Cameroon
82%
Cape Verde
82%
Chile
82%
Colombia
82%
Comoros
82%
Costa Rica
82%
Croatia
82%
Cyprus
82%
Czech Republic
82%
Djibouti
82%
Dominica
82%
East Timor
82%
Ecuador
82%
El Salvador
82%
Equatorial Guinea
82%
Eritrea
82%
Estonia
82%
Eswatini
82%
Federated States of Micronesia
82%
Fiji
82%
Finland
82%
Gabon
82%
Gambia
82%
Georgia
82%
Grenada
82%
Guatemala
82%
Guinea-Bissau
82%
Guyana
82%
Honduras
82%
Iceland
82%
Ireland
82%
Israel
82%
Jordan
82%
Kazakhstan
82%
Kiribati
82%
Kosovo
82%
Kuwait
82%
Kyrgyzstan
82%
Laos
82%
Latvia
82%
Lebanon
82%
Libya
82%
Liechtenstein
82%
Lithuania
82%
Luxembourg
82%
Malawi
82%
Malaysia
82%
Maldives
82%
Malta
82%
Marshall Islands
82%
Mauritania
82%
Mauritius
82%
Monaco
82%
Mongolia
82%
Montenegro
82%
Mozambique
82%
Myanmar
82%
Namibia
82%
Nauru
82%
Nepal
82%
Netherlands
82%
Nicaragua
82%
North Korea
82%
North Macedonia
82%
Norway
82%
Oman
82%
Palau
82%
Paraguay
82%
Peru
82%
Qatar
82%
Saint Kitts and Nevis
82%
Saint Lucia
82%
Saint Vincent and the Grenadines
82%
Samoa
82%
San Marino
82%
Serbia
82%
Seychelles
82%
Sierra Leone
82%
Singapore
82%
Slovakia
82%
Slovenia
82%
Solomon Islands
82%
South Korea
82%
South Sudan
82%
Sri Lanka
82%
Suriname
82%
Sweden
82%
Switzerland
82%
Syria
82%
Tajikistan
82%
Thailand
82%
Tonga
82%
Trinidad and Tobago
82%
Tunisia
82%
Turkmenistan
82%
Tuvalu
82%
Uganda
82%
Uruguay
82%
Uzbekistan
82%
Vanuatu
82%
Vatican City
82%
Vietnam
82%
No matching quizzes found
Score Distribution
Percent of People with Each Score
Percentile by Number Answered
Your Score History
You have not taken this quiz